|
|
|
|
| LEADER |
01201nam a22002777a 4500 |
| 001 |
12667 |
| 003 |
BD-DhAAL |
| 005 |
20150101120414.0 |
| 008 |
150101s2002 bg a|||| |||| 00| 0 ben d |
| 020 |
|
|
|a 984320087X
|
| 040 |
|
|
|a BD-DhAAL
|c BD-DhAAL
|
| 041 |
|
|
|a BEN
|
| 082 |
|
|
|2 22
|a 311
|
| 999 |
|
|
|c 33381
|d 33381
|
| 999 |
|
|
|c 33381
|
| 999 |
|
|
|c 33171
|
| 100 |
|
|
|a নকী, সৈয়দ আলী
|9 6375
|
| 245 |
|
|
|a সামাজিক গবেষণায় জরিপ পদ্ধতি : আর্থ-সামাজিক জরীপে পদ্ধতি নির্দেশিকা
|c সৈয়দ আলী নকী
|
| 246 |
|
|
|a Survey method in social research : guidelines of method in Socio-Economic survey
|
| 260 |
|
|
|a ঢাকা :
|b উপমা প্রকাশন
|c ২০০২
|
| 300 |
|
|
|a xvi, ২৮০ পৃ. :
|b চিত্র ;
|c ২২ সে. মি.
|
| 541 |
|
|
|e 12657
|
| 650 |
|
|
|a Statistics
|9 6376
|
| 852 |
|
|
|a Ayesha Abed Library
|b General Stacks
|
| 942 |
|
|
|2 ddc
|c BK
|
| 952 |
|
|
|0 0
|1 0
|2 ddc
|4 0
|6 311_000000000000000_NAQ
|7 0
|9 44618
|a BRACUL
|b BRACUL
|c GEN
|d 2015-01-01
|l 0
|o 311 NAQ
|p 3010012657
|r 2015-01-01
|t 1
|w 2015-01-01
|y BK
|x Price not available in Register
|